The scenarios worker participation 2030 -Changing /

保存先:
書誌詳細
第一著者: Stollt, Michael
その他の著者: Meinert, Sascha
フォーマット: テキスト
タグ: タグ追加
タグなし, このレコードへの初めてのタグを付けませんか!

MARC

LEADER 00000 a a2200000 04500
001 48166
003
040
100 |a Stollt, Michael  
245 |a The scenarios worker participation 2030 -Changing /  |c Michael Stollt, Sascha Meinert  
700 |a Meinert, Sascha  
773 |g número2, (2011), páginas 125-135  
999 |c 25183  |d 25183